<?xml version="1.0" encoding="UTF-8"?>
<record
    xmlns:xsi="http://www.w3.org/2001/XMLSchema-instance"
    xsi:schemaLocation="http://www.loc.gov/MARC21/slim http://www.loc.gov/standards/marcxml/schema/MARC21slim.xsd"
    xmlns="http://www.loc.gov/MARC21/slim">

  <leader>00876ngm a2200301 u 4500</leader>
  <controlfield tag="001">1007425</controlfield>
  <controlfield tag="005">20260507074447.0</controlfield>
  <controlfield tag="007">vd||v</controlfield>
  <controlfield tag="008">061129e19801129                    spa  </controlfield>
  <datafield tag="035" ind1=" " ind2=" ">
    <subfield code="a">1007425</subfield>
  </datafield>
  <datafield tag="040" ind1=" " ind2=" ">
    <subfield code="c">comduadb</subfield>
  </datafield>
  <datafield tag="041" ind1=" " ind2=" ">
    <subfield code="a">spa</subfield>
  </datafield>
  <datafield tag="080" ind1=" " ind2=" ">
    <subfield code="a">V</subfield>
  </datafield>
  <datafield tag="100" ind1="1" ind2="0">
    <subfield code="a">Underwood, Ron</subfield>
    <subfield code="4">pro</subfield>
    <subfield code="e">pro</subfield>
  </datafield>
  <datafield tag="245" ind1="1" ind2="0">
    <subfield code="a">Disciplina sin castigo</subfield>
  </datafield>
  <datafield tag="260" ind1=" " ind2=" ">
    <subfield code="a">Estados Unidos :</subfield>
    <subfield code="b">CRM Productions,</subfield>
    <subfield code="c">1980.</subfield>
  </datafield>
  <datafield tag="300" ind1=" " ind2=" ">
    <subfield code="a">1 DVD (20 minutos) : sonido, color.</subfield>
  </datafield>
  <datafield tag="650" ind1=" " ind2=" ">
    <subfield code="a">Disciplina laboral</subfield>
    <subfield code="9">34731</subfield>
  </datafield>
  <datafield tag="650" ind1=" " ind2=" ">
    <subfield code="a">Relaciones laborales</subfield>
    <subfield code="9">15329</subfield>
  </datafield>
  <datafield tag="650" ind1=" " ind2=" ">
    <subfield code="a">Conducta</subfield>
    <subfield code="9">15969</subfield>
  </datafield>
  <datafield tag="650" ind1=" " ind2=" ">
    <subfield code="a">Liderazgo empresarial</subfield>
    <subfield code="9">103003</subfield>
  </datafield>
  <datafield tag="650" ind1=" " ind2=" ">
    <subfield code="a">Relaci&#xF3;n (Filosof&#xED;a)</subfield>
    <subfield code="9">77009</subfield>
  </datafield>
  <datafield tag="650" ind1=" " ind2=" ">
    <subfield code="a">Documental</subfield>
    <subfield code="9">33448</subfield>
  </datafield>
  <datafield tag="650" ind1=" " ind2="7">
    <subfield code="a">Planificaci&#xF3;n empresarial</subfield>
    <subfield code="2">lemb</subfield>
    <subfield code="9">29924</subfield>
  </datafield>
  <datafield tag="700" ind1="1" ind2="0">
    <subfield code="a">White, Jack E.</subfield>
    <subfield code="4">pro</subfield>
    <subfield code="e">pro</subfield>
    <subfield code="9">300993</subfield>
  </datafield>
  <datafield tag="700" ind1="1" ind2="0">
    <subfield code="a">Harper, Virgil L.</subfield>
    <subfield code="4">pht</subfield>
    <subfield code="e">pht</subfield>
    <subfield code="9">549941</subfield>
  </datafield>
  <datafield tag="942" ind1=" " ind2=" ">
    <subfield code="c">BOOK</subfield>
  </datafield>
  <datafield tag="999" ind1=" " ind2=" ">
    <subfield code="c">408618</subfield>
    <subfield code="d">408618</subfield>
  </datafield>
  <datafield tag="952" ind1=" " ind2=" ">
    <subfield code="0">0</subfield>
    <subfield code="1">0</subfield>
    <subfield code="4">0</subfield>
    <subfield code="7">0</subfield>
    <subfield code="8">AUDIOBC</subfield>
    <subfield code="a">BC</subfield>
    <subfield code="b">BC</subfield>
    <subfield code="d">2006-11-29</subfield>
    <subfield code="i">C933109</subfield>
    <subfield code="l">0</subfield>
    <subfield code="o">V-00058 DVD</subfield>
    <subfield code="p">0577439</subfield>
    <subfield code="r">2023-04-27 00:00:00</subfield>
    <subfield code="t">1</subfield>
    <subfield code="w">2023-04-27</subfield>
    <subfield code="y">DIGITAL</subfield>
  </datafield>
</record>
